000 00361 a2200157 4500
003 Nust
005 20170207170502.0
040 _cNust
082 _a621.3822
100 _aHibbeler, R. C.
245 _aEngineering mechanics statics (EBOOK)
_cR. C. Hibbeler
250 _a12th
260 _aNew York
300 _a655 p.
650 _aEngineering mechanics statics
942 _2ddc
_cBK
999 _c215094
_d215094